MARC

LEADER 00000nam0a2200000 4500
001 351230
005 20231102010401.0
035 |a (RuTPU)RU\TPU\retro\6142 
090 |a 351230 
100 |a 20190520d1905 km y0gery50 ba 
101 0 |a ger 
102 |a DE 
105 |a a z 000zy 
200 1 |a Naturkonstanten in alphabetischer Anordnung  |e Hilfsbuch fur chemische und physikalische Rechnungen  |f H. Erdman, P. Kothner ; Internationalen Atomgewichtsausschusses 
210 |a Berlin  |c Verlag von Julius Springer  |d 1905 
215 |a [2], 192, [2] s.  |c tab. 
316 |5 63413507: 23//35  |a На авантитуле дарственная надпись: "Дорогому Константину Петровичу Гринаковскому от А[ш]натьева. Tubeigen. 24.9.12" 
316 |5 63413507: 23//35  |a На авантитуле надпись: "По счету К. П. Гринаковского 28 VI 1921 г." 
316 |5 63413507: 23//35  |a На авантитуле владельческий штамп: "Из книг К. П. Гринаковского..." 
316 |5 63413507: 23//35  |a Обложка с золотым тиснением: "Erdmann-Kothner. Naturkonstanten" 
316 |5 63413507: 23//35  |a Корешок с золотым тиснением: "Erdmann-Kothner. Naturkonstanten" 
316 |5 63413507: 23//35  |a На задней стороне обложки оттиснута таблица логарифмов, с золотым тиснением  
317 |5 63413507: 23//35  |a Поступил в НТБ в 1921 г. по счету К. П. Гринаковского 
541 1 |a Фундаментальные физические постоянные в алфавитном порядке  |z rus 
606 1 |a Физические постоянные  |2 stltpush  |3 (RuTPU)RU\TPU\subj\64958  |9 81625 
610 1 |a химия 
610 1 |a физика 
610 1 |a расчеты 
610 1 |a фундаментальные постоянные 
610 1 |a таблицы 
610 1 |a логарифмы 
610 1 |a антилогарифмы 
610 1 |a немецкий язык 
610 1 |a Коллекция К. П. Гринаковского 
610 1 |a владельческие знаки 
610 1 |a дарственные надписи 
675 |a 53.08  |v 4 
702 1 |a Erdman  |b H.  |4 070 
702 1 |a Kothner  |b P.  |4 070 
712 0 2 |a Internationalen Atomgewichtsausschusses  |4 570 
801 1 |a RU  |b 63413507  |c 20190520 
801 2 |a RU  |b 63413507  |c 20210526  |g RCR 
942 |c BK